000 00740nam a22001817a 4500
999 _c81002
_d81002
008 201130b ||||| |||| 00| 0 eng d
040 _bger
_cDE-2950
_erda
_aDE-2950
041 _ager
100 _aWeber-Rath, Ines:
245 _aRosengartener Brücke bald gesperrt.
_bInfrastruktur: Die Arbeiten zum Ersatz-Neubau der Straßenbrücke über die Regionalbahnstrecke 1 in Frankfurt nehmen Fahrt auf.
_cInes Weber-Rath
653 _aFrankfurt (Oder) <Rosengarten, Ortsteil>
653 _aBrücke
773 _dFrankfurt (Oder): Märkisches Verlags- und Druckhaus GmbH & Co KG
_g32. Jahrgang (2021) Nr. 102 vom 04.05.2021, S. 14
_tMärkische Oderzeitung
942 _cA